000 00603nam a2200217Ia 4500
005 20260429111902.0
008 260429s9999||||xx |||||||||||||| ||und||
020 _a9789357517119
041 _aEnglish
082 _a541.35
_bSIN
100 _aSingh, Rakesh Kumar
245 0 _aInorganic photochemistry /
_cRakesh Kumar Singh
260 _aNew Delhi :
_bRandom Publications,
_c2025.
300 _ax, 272 p.; hb
650 _a Chemical reactions
650 _a Molecular chemistry
650 _a Photochemistry
650 _a Physical chemistry
650 _aInorganic chemistry
942 _cTB
999 _c51273
_d51273